Loading...
Romantic imagination: a casebook
| Format: | Printed Book |
|---|---|
| Published: |
Hampshire:
Palgrave,
1997.
|
| Edition: | 1st. |
| Subjects: |
| LEADER | 00453cam a2200157ua 4500 | ||
|---|---|---|---|
| 999 | |c 340 |d 340 | ||
| 020 | |a 0-333-21235-5 | ||
| 082 | |a 808.81 |b ROM | ||
| 245 | 1 | 0 | |a Romantic imagination: a casebook |
| 250 | |a 1st. | ||
| 260 | |a Hampshire: |b Palgrave, |c 1997. | ||
| 300 | |a 235p.. | ||
| 650 | |a Literature | ||
| 650 | 0 | |a Literary texts | |
| 942 | |c BK | ||
| 952 | |0 0 |1 0 |4 0 |6 808_810000000000000_ROM |7 0 |9 358 |a KUCL |d 2014-05-23 |l 6 |m 1 |o 808.81 ROM |p 09877 |r 2019-03-30 |s 2019-02-23 |y BK | ||